Criminalidad de empresa y compliance: prevención y reacciones corporativas
Uloženo v:
| Hlavní autoři: | , |
|---|---|
| Médium: | Kniha |
| Jazyk: | španělština |
| Vydáno: |
Barcelona
Atelier Libros Jurídicos
2013
|
| Vydání: | 1a. ed |
| Edice: | Colección Atelier Penal
|
| Témata: | |
| Tagy: |
Přidat tag
Žádné tagy, Buďte první, kdo vytvoří štítek k tomuto záznamu!
|
MARC
| LEADER | 00000cam a2200000 a 4500 | ||
|---|---|---|---|
| 001 | UCC3582 | ||
| 003 | CL-VaPUC | ||
| 008 | 180527e20130000sp |||||||||||||||||spa|d | ||
| 020 | |a 9788415690184 | ||
| 082 | 0 | 4 | |a 343.08 |b SIL |2 21 |
| 100 | 0 | |a Silva Sánchez, Jesús-María |e author |9 597619 | |
| 700 | 0 | |a Montaner Fernández, Raquel |e author |9 597620 | |
| 245 | 1 | 0 | |a Criminalidad de empresa y compliance: prevención y reacciones corporativas |
| 250 | |a 1a. ed | ||
| 300 | |a 331 p | ||
| 942 | |c BK | ||
| 945 | |d 20180527 18:33:00 |a arojas | ||
| 260 | |a Barcelona |b Atelier Libros Jurídicos |c 2013 | ||
| 650 | 0 | |a Delitos económicos |9 255899 | |
| 650 | 7 | |a BLANQUEO DE CAPITALES |2 CL-VaPUC |9 597621 | |
| 583 | |a last modification |c 20180527 18:33:00 |k Rodrigo Vera | ||
| 490 | 0 | |a Colección Atelier Penal | |
| 999 | |c 371276 |d 371274 | ||
| 952 | |0 0 |1 0 |3 erb |4 0 |6 343_080000000000000_SIL_2013 |7 0 |8 A |9 488225 |a BIBDER |b BIBDER |i 5471907 |l 8 |o 343.08 SIL 2013 |p 5471907 |r 2023-01-25 |s 2022-09-29 |w 2019-11-24 |y BK |z Catalogado en:20180527 |k DER | ||